Batailles de Napoléon Bonaparte - Statistiques

Statistiques générales
  • Ce quiz a été pris 156 fois
  • Le résultat moyen est 14 sur 43
Statistiques - réponses
Bataille Date Issue % Correct
Austerlitz 2 Décembre 1805 Victoire
99%
Waterloo 18 Juin 1815 Défaite
89%
Iéna 14 Octobre 1806 Victoire
77%
Wagram 5-6 Juillet 1809 Victoire
77%
La Bérézina 27-28 Novembre 1812 Indécise
69%
Ulm 15-20 Octobre 1805 Victoire
68%
Arcole 15-17 Novembre 1796 Victoire
67%
Marengo 14 Juin 1800 Victoire
67%
Leipzig 16-19 Octobre 1813 Défaite
66%
Eylau 8 Février 1807 Indécise
63%
Friedland 14 Juin 1807 Victoire
61%
Pyramides 21 Juillet 1798 Victoire
54%
La Moskova 7 Septembre 1812 Indécise
50%
Rivoli 14-15 Janvier 1797 Victoire
39%
Aboukir 25 Juillet 1799 Victoire
36%
Essling 21-22 Mai 1809 Défaite
34%
Ligny 16 Juin 1815 Victoire
33%
Lodi 10 Mai 1796 Victoire
33%
Dresde 26-27 Août 1813 Victoire
31%
Montenotte 12 Avril 1796 Victoire
28%
Smolensk 17 Août 1812 Victoire
26%
Reims 13 Mars 1814 Victoire
22%
Castiglione 5 Août 1796 Victoire
19%
Montmirail 11 Février 1814 Victoire
19%
Bautzen 20-21 Mai 1813 Victoire
16%
Lützen 2 Mai 1813 Victoire
16%
Brienne 29 Janvier 1814 Victoire
15%
Hanau 30 Octobre 1813 Victoire
15%
Champaubert 10 Février 1814 Victoire
14%
Laon 9-10 Mars 1814 Défaite
13%
Somosierra 30 Novembre 1808 Victoire
13%
Eckmühl 22 Avril 1809 Victoire
12%
La Rothière 1er Février 1814 Défaite
12%
Mont-Thabor 16 Avril 1799 Victoire
12%
Château-Thierry 12 Février 1814 Victoire
11%
Montereau 18 Février 1814 Victoire
11%
Mondovì 21 Avril 1796 Victoire
9%
Bassano 8 Septembre 1796 Victoire
7%
Borghetto 30 Mai 1796 Victoire
6%
Craonne 7 Mars 1814 Victoire
6%
La favorite 16 Janvier 1797 Victoire
6%
Vauchamps 14 Février 1814 Victoire
6%
Acsis-sur-Aube 20 Mars 1814 Défaite
2%
Aucun quiz correspondant
Distribution des résultats
% des personnes avec chaque résultat
Percentile par nombre de réponses
Votre historique - résultats
Vous n’avez pas pris ce quiz